00427nam a2200109Ia 4500008004100000050002400041100001500065245011800080260008600198300002100284521001200305140724s9999 xx 000 0 und d aRC 660.4b.Z24 2013 aZamesa, N. aIntraquad (IQ) :ba learner specific health education approach for diabetes mellitus type 2 clients /cN. Zamesa. aLas Piñas, Philippines :bSouthville International School and Colleges,cc2013. a102 p. :c28 cm. aNursing